| 000 -LEADER |
| fixed length control field |
00723pab a2200157 454500 |
| 008 - FIXED-LENGTH DATA ELEMENTS--GENERAL INFORMATION |
| fixed length control field |
180718b2004 xxu||||| |||| 00| 0 eng d |
| 100 ## - MAIN ENTRY--PERSONAL NAME |
| Personal name |
Alam, Jayanti |
| 245 ## - TITLE STATEMENT |
| Title |
`Bigots' and `Fanatics' |
| 260 ## - PUBLICATION, DISTRIBUTION, ETC. |
| Date of publication, distribution, etc. |
2004 |
| 300 ## - PHYSICAL DESCRIPTION |
| Extent |
p.1463-464. |
| 362 ## - DATES OF PUBLICATION AND/OR SEQUENTIAL DESIGNATION |
| Dates of publication and/or sequential designation |
3 and 10 Apr |
| 520 ## - SUMMARY, ETC. |
| Summary, etc. |
Rulers portrayed as `bigots' and `fanatics' were often forced to balance competing claims and demands from a widely disparate population. A history, honestly written, would also need to tell us that all that appears as bigotry on the part of either Hindu or Muslim rulers were actually shrewd administrative and political strategies. - Reproduced. |
| 650 ## - SUBJECT ADDED ENTRY--TOPICAL TERM |
| Topical term or geographic name entry element |
Religious behaviour |
| 773 ## - HOST ITEM ENTRY |
| Main entry heading |
Economic and Political Weekly |
| 909 ## - |
| -- |
60208 |